Peuples antiques - Statistiques

Statistiques générales
  • Ce quiz a été pris 34 fois
  • Le résultat moyen est 7 sur 18
Statistiques - réponses
Description Peuple % Correct
Peuple fondé par Clovis, qui soumet les autres peuples barbares de Gaule Francs
85%
Peuple germano-hispanique fondant un royaume à Toulouse puis en Hispanie.Leur nom signifie "Goths de l'Ouest" Wisigoths
78%
Peuple germanique de Ravenne, fondateur d’un royaume romano-barbare en Italie.Leur nom signifie "Goths de l'Est" Ostrogoths
70%
Peuple dirigé par Vercingétorix et vaincu à Alésia en -52 Arvernes
67%
Peuple cavalier venu des steppes, battu aux champs catalauniques en 451 Huns
56%
Peuple germano-scandinave scindé en deux branches, dont une pille Rome en 410 Goths
52%
Peuple suisse battu par César à Bibracte en -58 Helvètes
52%
Peuple germanique mené par Genséric, fondateur d’un royaume à Carthage Vandales
44%
Peuple fondateur de Carthage et inventeur du premier alphabet consonantique Phéniciens
41%
Peuple de l’est ibérique conquis par Scipion après avoir combattu pour Hannibal Ibères
33%
Peuple celte allié de Rome, utilisé comme casus belli pour envahir la Gaule Éduens
22%
Peuple gaulois maritime, commerçant avec les Bretons et opposé à Rome Armoricains
19%
Peuple germanique installé en Savoie, conquis par les Francs en 534 Burgondes
19%
Peuple dirigé par Viriathe, résistants à Rome pendant 8 ans Lusitaniens
15%
Peuple berbère dont Massinissa fournit à Rome le casus belli contre Carthage Numides
11%
Peuple nomade iranien d’Ukraine assimilé par les Goths au IIIe siècle Scythes
11%
Peuple du Jutland vaincu par Marius après avoirmassacré 80 000 Romains Cimbres
7%
Peuple cousin des Scythes, cavaliers représentés sur la colonne Trajane Sarmates
7%
Aucun quiz correspondant
Distribution des résultats
% des personnes avec chaque résultat
Percentile par nombre de réponses
Votre historique - résultats
Vous n’avez pas pris ce quiz